000 00627nam a2200157 a 4500
008 120416s1972 ||||||||||||||||| || u
050 _aQD 75.4.A8 Com
100 _aWilkins, C. L
245 1 0 _aComputers in chemical and biochemical research
_cedited by C. E. Klopfenstein
260 _aNew York
_bAcademic Press
_c1972
300 _avols. : ill.
350 _a0.00
650 _aBIOCHEMICAL-- COMPUTATIONAL ANALYSIS
650 0 _aCHEMISTRY--HANDBOOKS, MANUALS, ETC
995 _D0.00
_FCBU-MAIN LIBRARY (Kitwe)
_H1
_I0.00
_M1
_UAVAILABLE
_ZAnnex Low-Usage Collection
999 _c38299
_d38299